Biện pháp quản lý hoạt động dạy học của hiệu trưởng THPT huyện Tiên Phước, tỉnh Quảng Nam
Cơ sở lý luận về quản lý hoạt động dạy học ở trường trung học phổ thông; Thực trạng công tác quản lý hoạt động dạy học của hiệu trưởng các trường THPT huyện Tiên Phước, tỉnh Quảng Nam; Biện pháp quản lý hoạt động dạy học của hiệu trưởng nhằm nâng cao chất lượng ở các trường THPT huyện Tiên Phước, tỉ...
Đã lưu trong:
| Hovedforfatter: | |
|---|---|
| Andre forfattere: | |
| Format: | Bog |
| Udgivet: |
Đà Nẵng
Đại học Đà Nẵng
2011
|
| Fag: | |
| Tags: |
Tilføj Tag
Ingen Tags, Vær først til at tagge denne postø!
|
| Thư viện lưu trữ: | Mạng thư viện Đại học Đà Nẵng |
|---|
| LEADER | 01846nam a2200313 4500 | ||
|---|---|---|---|
| 001 | 000017675 | ||
| 003 | 14100 | ||
| 005 | 20130903090938.0 | ||
| 008 | 130513s2011 sd | ||
| 082 | |a 373.241 |b LƯ-N | ||
| 100 | |a Lưu Hoài Nam | ||
| 245 | |a Biện pháp quản lý hoạt động dạy học của hiệu trưởng THPT huyện Tiên Phước, tỉnh Quảng Nam |c Lưu Hoài Nam ; Phan Minh Tiến hướng dẫn. |k Luận văn Thạc sĩ | ||
| 260 | |a Đà Nẵng |b Đại học Đà Nẵng |c 2011 | ||
| 300 | |a 94 tr., phụ lục 10 tr. |b Hình mh. |c 29 cm. |e Đĩa CD, tài liệu tóm tắt | ||
| 500 | |a Luận văn thạc sĩ Giáo dục học. Chuyên ngành: Quản lý giáo dục. Mã số: 60.14.05. | ||
| 520 | |a Cơ sở lý luận về quản lý hoạt động dạy học ở trường trung học phổ thông; Thực trạng công tác quản lý hoạt động dạy học của hiệu trưởng các trường THPT huyện Tiên Phước, tỉnh Quảng Nam; Biện pháp quản lý hoạt động dạy học của hiệu trưởng nhằm nâng cao chất lượng ở các trường THPT huyện Tiên Phước, tỉnh Quảng Nam... | ||
| 650 | 0 | 4 | |a Giáo dục THPT |v Luận văn tốt nghiệp |x Quản lý |z Quảng Nam |
| 653 | |a Quản lý giáo dục |a Giáo dục THPT | ||
| 700 | |a Phan Minh Tiến |c PGS.TS |e Hướng dẫn | ||
| OWN | |a LSP | ||
| AVA | |a UDN50 |b LSP |d 373.241 LƯ-N |e available |t Error 5001 Not defined in file expand_doc_bib_avail. |f 1 |g 0 |h N |i 0 |k 1 | ||
| 999 | |a From the UDN01 | ||
| AVA | |a UDN50 |b LSP |d 373.241 LƯ-N |e available |t Error 5001 Not defined in file expand_doc_bib_avail. |f 1 |g 0 |h N |i 0 |k 1 | ||
| TYP | |a Monograph | ||
| TYP | |a Printed language | ||
| 980 | |a Mạng thư viện Đại học Đà Nẵng | ||